| Tag |
First Indicator |
Second Indicator |
Subfields |
| LEADER |
00000cam a2200000Ia 4500 |
| 001 |
in00003441219 |
| 006 |
m o d |
| 007 |
cr cn||||uuuuu |
| 008 |
110217s2012 paua ob 001 0 eng d |
| 005 |
20250816212947.6 |
| 016 |
7 |
|
|a 101554385
|2 DNLM
|
| 019 |
|
|
|a 756280848
|a 759158668
|
| 020 |
|
|
|a 1455711934 (electronic bk.)
|
| 020 |
|
|
|a 9781455711932 (electronic bk.)
|
| 020 |
|
|
|z 9781437709254
|
| 020 |
|
|
|z 1437709257
|
| 035 |
|
|
|a (OCoLC)ocn742004038
|
| 035 |
|
|
|a (OCoLC)742004038
|z (OCoLC)756280848
|z (OCoLC)759158668
|
| 040 |
|
|
|a DKU
|b eng
|c DKU
|d YDXCP
|d E7B
|d OCLCQ
|d N$T
|d GWM
|d OCLCQ
|d OPELS
|d WAU
|d OPELS
|d VAM
|d UtOrBLW
|
| 049 |
|
|
|a TXAM
|
| 050 |
|
4 |
|a RC802.9
|b .G355 2012eb
|
| 060 |
|
4 |
|a WI 140
|
| 072 |
|
7 |
|a MED
|x 031000
|2 bisacsh
|
| 082 |
0 |
4 |
|a 616.3/3
|2 22
|
| 245 |
0 |
0 |
|a Gastrointestinal and liver pathology /
|c edited by Christine A. Iacobuzio-Donahue, Elizabeth Montgomery.
|
| 250 |
|
|
|a 2nd ed.
|
| 264 |
|
1 |
|a Philadelphia :
|b Elsevier/Saunders,
|c [2012]
|
| 264 |
|
4 |
|c ©2012
|
| 300 |
|
|
|a 1 online resource (xvi, 713 pages) :
|b illustrations (some color).
|
| 336 |
|
|
|a text
|b txt
|2 rdacontent
|
| 337 |
|
|
|a computer
|b c
|2 rdamedia
|
| 338 |
|
|
|a online resource
|b cr
|2 rdacarrier
|
| 490 |
1 |
|
|a Foundations in diagnostic pathology
|
| 504 |
|
|
|a Includes bibliographical references and index.
|
| 505 |
0 |
|
|a Non-neoplastic disorders of the esophagus -- Tumors of the esophagus -- Non-neoplastic disorders of the stomach -- Epithelial neoplasms of the stomach -- Non-neoplastic and inflammatory disorders of the small bowel -- Neoplasms of the small intestine -- Gastrointestinal mesenchymal tumors -- Non-neoplastic and neoplastic disorders of the appendix -- Infectious diseases of the colon -- Idiopathic inflammatory bowel disease -- Inflammatory/descriptive/iatrogenic colitides -- Gastrointestinal polyposis syndromes -- Epithelial neoplasms of the colorectum -- Molecular diagnostics in gastrointestinal pathology -- Pathology of the anus -- Pathology of the gallbladder and extrahepatic bile ducts -- Non-neoplastic and neoplastic pathology of the pancreas -- Metabolic and toxic conditions of the liver -- Inflammatory and infectious diseases of the liver -- Liver neoplasms -- Gastrointestinal lymphoma.
|
| 588 |
|
|
|a Description based on print version record.
|
| 500 |
|
|
|a Electronic resource.
|
| 650 |
|
0 |
|a Gastrointestinal system
|x Diseases.
|
| 650 |
|
0 |
|a Gastrointestinal system
|x Histopathology.
|
| 650 |
|
0 |
|a Liver
|x Diseases.
|
| 650 |
1 |
2 |
|a Gastrointestinal Diseases
|x pathology.
|
| 650 |
2 |
2 |
|a Gastrointestinal Neoplasms
|x pathology.
|
| 650 |
2 |
2 |
|a Liver Diseases
|x pathology.
|
| 650 |
2 |
2 |
|a Liver Neoplasms
|x pathology.
|
| 650 |
2 |
2 |
|a Pathology, Surgical.
|
| 650 |
|
7 |
|a MEDICAL / Gastroenterology.
|2 bisacsh
|
| 655 |
|
7 |
|a Electronic books.
|2 local
|
| 700 |
1 |
|
|a Iacobuzio-Donahue, Christine A.
|
| 700 |
1 |
|
|a Montgomery, Elizabeth
|q (Elizabeth A.),
|d 1958-
|
| 710 |
2 |
|
|a ebrary, Inc.
|
| 776 |
0 |
8 |
|i Print version:
|t Gastrointestinal and liver pathology.
|b 2nd ed.
|d Philadelphia : Elsevier/Saunders, c2012
|z 9781437709254
|w (DLC) 2011007434
|w (OCoLC)703790528
|
| 830 |
|
0 |
|a Foundations in diagnostic pathology.
|
| 856 |
4 |
0 |
|u https://ebookcentral.proquest.com/lib/tamucs/detail.action?docID=1430415
|y Connect to the full text of this electronic book
|t 0
|
| 948 |
|
|
|a cataloged
|b h
|c 2014/7/18
|d c
|e jlanham
|f 9:26:28 am
|
| 994 |
|
|
|a C0
|b TXA
|
| 999 |
f |
f |
|s d5ca5122-7cec-3780-a0f3-7a44c1f07b6b
|i 64f5f01e-284c-3f6d-9fed-9880a297311d
|t 0
|
| 999 |
|
|
|a MARS
|
| 952 |
f |
f |
|a Texas A&M University
|b College Station
|c Electronic Resources
|d Available Online
|t 0
|e RC802.9 .G355 2012eb
|h Library of Congress classification
|
| 998 |
f |
f |
|a RC802.9 .G355 2012eb
|t 0
|l Available Online
|